|
|
|
|
| LEADER |
00000cam a2200000 a 4500 |
| 001 |
vtls001434656 |
| 003 |
SK-MaSNL |
| 005 |
20260301202819.0 |
| 008 |
130607s2002 xo f a00000 slo |
| 015 |
|
|
|a SNBS2002/02-00894
|
| 035 |
|
|
|a SNK000389736
|
| 040 |
|
|
|a SNK
|b slo
|c SNK
|e AACR2
|
| 041 |
0 |
|
|a slo
|
| 044 |
|
|
|a xo
|c SK
|
| 080 |
|
|
|a 347.724:658.114.4(086.86)
|2 1981
|
| 080 |
|
|
|a 658.114.4
|2 1981
|
| 240 |
1 |
0 |
|a Spoločnosť s ručením obmedzeným a jej konateľ
|p Marec 2002
|
| 245 |
1 |
|
|a Spoločnosť s ručením obmedzeným a jej konateľ
|h elektronický zdroj
|b aktuálny stav: Marec 2002
|
| 256 |
|
|
|a Počítačové dáta
|
| 260 |
|
|
|a Bratislava
|b Verlag Dashöfer
|c 2002
|
| 300 |
|
|
|a 1 elektronický optický disk (CD-ROM)
|
| 500 |
|
|
|a Elektronické dokumenty
|
| 650 |
0 |
7 |
|a obchodné spoločnosti
|2 SNKPH
|9 3650
|
| 650 |
0 |
7 |
|a spoločnosti s ručením obmedzeným
|2 SNKPH
|9 3649
|
| 650 |
0 |
7 |
|a konatelia
|2 SNKPH
|9 526755
|
| 655 |
|
7 |
|a elektronické dokumenty
|2 SNKPH
|9 70518
|
| 730 |
|
|
|t Spoločnosť s ručením obmedzeným a jej konateľ
|9 299115
|
| 776 |
1 |
|
|a Spoločnosť s ručením obmedzeným a jej konateľ tlačený text.Marec 2002
|
| 999 |
|
|
|c 900287
|d 902217
|
| 952 |
|
|
|t P60, <03>, [BOOK], {603}
|a SNK
|b SNK
|y PREZ
|7 0
|p 17A0343967
|o snkSCDM 132/2002/3
|i snkJK 296/2002
|0 0
|1 0
|4 0
|d 2002-05-23
|l 0
|r 2005-01-02 00:00:00
|w 2026-02-24
|
| 952 |
|
|
|a SNK
|b SNK
|y PREZ
|7 0
|p 17A0343966
|o snkSCDM 132/2002/3 D1
|i snkJK 297/2002
|0 0
|1 0
|4 0
|d 2002-05-23
|l 0
|r 2005-01-02 00:00:00
|w 2026-02-24
|